000 00366nam a2200145Ia 4500
008 230917s9999||||xx |||||||||||||| ||und||
040 _e5015983
_aMAIN
041 _aEnglish
082 _a381.45332 J199W
100 _aJain, Aastha
245 0 _aWorking women's investment behaviour towards financial products
260 _c2021
300 _a245 p.
942 _cBK
999 _c10788
_d10788